| 000 | 00731cab a2200217 4500 | ||
|---|---|---|---|
| 001 | X3773 | ||
| 008 | 090401t1996 xxu||||| |||| 00| 0 eng d | ||
| 035 | _a(Sirsi) u32690 | ||
| 041 | _aeng | ||
| 100 | _aDavis, L. | ||
| 245 | _aHigh-fliers must hit the ground running | ||
| 260 | _c1996 | ||
| 350 | _a0 | ||
| 490 |
_aCSM (Chartered Surveyor Monthly) _v5(11) September 1996, 42(1) |
||
| 520 | _aWhen employing graduates, surveying firms are looking for canditates who can demonstrate a broad range of personal skills as well as a strong academic record. | ||
| 650 | _aEMPLOYER REQUIREMENTS | ||
| 650 | _aRECRUITMENT | ||
| 690 | _aMANAGEMENT-BUSINESS MANAGEMENT-PROFESSIONAL PRACTICE | ||
| 942 | _n0 | ||
| 948 | _c04/03/1997 | ||
| 999 |
_c21860 _d21860 |
||